Twenty One Pilots - Before You Start Your Day (Lyrics) - Statistics

General Stats
  • This quiz has been taken 4 times
  • The average score is 109 of 133
Answer Stats
Answer % Correct
da
100%
day
100%
don't
100%
have
100%
if
100%
in
100%
just
100%
look
100%
make
100%
mind
100%
Open
100%
open
100%
right
100%
slits
100%
that
100%
the
100%
time
100%
to
100%
you
100%
your
100%
you're
100%
alright
67%
and
67%
ask
67%
behind
67%
eyes
67%
face
67%
glitter
67%
hides
67%
I'm
67%
la
67%
mirror
67%
much
67%
my
67%
on
67%
put
67%
see
67%
sing
67%
singing
67%
soul
67%
start
67%
up
67%
were
67%
above
33%
clouds
33%
hold
33%
holy
33%
know
33%
made
33%
will
33%
No matching quizzes found
Score Distribution
Percent of People with Each Score
Percentile by Number Answered
Your Score History
You have not taken this quiz